00455nam a2200181Ia 4500008004100000020001800041245002100059245005200080260001500132260001600147260000900163300001500172300002500187300001000212440002400222500000800246999001900254170705s9999 xx 000 0 und d a9780545253109 aMarch mischief / cby Ron Roy ; illustrated by John Steven Gurney. aNew York : bScholastic, c2010 a66 pages : bcolor illustration ; c19cm. aCalendar mysteries. a410 c337174d337174